000 00258nam a2200109Ia 4500
005 20251222153539.0
008 251222s9999||||xx |||||||||||||| ||spa||
020 _a9972-858-01-4
082 _a155.2/A42
245 0 _aConstruyendo mi personalidad
942 _cLIB
999 _c30386
_d30386